| 000 | 00793nam a2200265Ia 4500 | ||
|---|---|---|---|
| 003 | OSt | ||
| 005 | 20220926020907.0 | ||
| 006 | a|||||r|||| 00| 0 | ||
| 007 | ta | ||
| 008 | 220923b |||||||| |||| 00| 0 eng d | ||
| 020 | _a0387908498 | ||
| 037 | _cGeneral Book | ||
| 040 |
_aRTL _cRTL _beng |
||
| 041 |
_2eng _aeng |
||
| 082 | _aNB,3,3:(G:5), M4 | ||
| 100 |
_aNaveh Zev _9325343 |
||
| 245 | 0 |
_aLandscape ecologh _b Theory and application |
|
| 260 |
_aNew York _bSpringer Verlag U S A _c1984 |
||
| 300 |
_axviii,356p. _ccm. |
||
| 490 | _aSpringer Series On Environmental Management | ||
| 650 |
_aFine Arts _934717 |
||
| 700 |
_a Lieberman Arthur S _9325344 |
||
| 942 |
_hNB,3,3:(G:5), M4 _cGB _2CC |
||
| 999 |
_c635203 _d635203 |
||